书目信息 |
| 题名: |
金庸评说五十年
|
|
| 作者: | 葛涛 编著 | |
| 分册: | ||
| 出版信息: | 北京 文化艺术出版社 2007.01 |
|
| 页数: | 387页 | |
| 开本: | 23cm | |
| 丛书名: | 名家评说书系 | |
| 单 册: | ||
| 中图分类: | K825.6 | |
| 科图分类: | ||
| 主题词: | ||
| 电子资源: | ||
| ISBN: | 978-7-5039-3124-6 | |
| 000 | 00857nam 2200253 450 | |
| 001 | 012008234285 | |
| 005 | 20080115142606.98 | |
| 010 | @a978-7-5039-3124-6@dCNY35.00 | |
| 100 | @a20080114d2007 em y0chiy0120 ea | |
| 101 | 0 | @achi |
| 102 | @aCN@b110000 | |
| 105 | @aa z 000yy | |
| 106 | @ar | |
| 200 | 1 | @a金庸评说五十年@Ajin yong ping shuo wu shi nian@f葛涛编著@Fge tao bian zhu |
| 210 | @a北京@c文化艺术出版社@d2007.01 | |
| 215 | @a387页@c图@d23cm | |
| 225 | 2 | @a名家评说书系@Aming jia ping shuo shu xi |
| 330 | @a本书精选国内外诸多名家对金庸的评说文章,熔钩沉、争鸣、论说于一炉,以博采、深度、史料、趣味为特色,兼顾学术性与可读性。 | |
| 410 | 0 | @12001 @a名家评说书系 |
| 600 | 0 | @a金庸,@Ajin yong@f1924- @x人物研究 |
| 690 | @aK825.6@v4 | |
| 701 | 0 | @a葛涛@Age tao@4编著 |
| 801 | 0 | @aCN@bQSSK@c20080115 |
| 905 | @b278792-94@dK825.6@eJ822@f3 | |
| 金庸评说五十年/葛涛编著.-北京:文化艺术出版社,2007.01 |
| 387页:图;23cm.-(名家评说书系) |
| ISBN 978-7-5039-3124-6:CNY35.00 |
| 本书精选国内外诸多名家对金庸的评说文章,熔钩沉、争鸣、论说于一炉,以博采、深度、史料、趣味为特色,兼顾学术性与可读性。 |
| ● |
| 相关链接 |
|
|
|
正题名:金庸评说五十年
索取号:K825.6/J822
 
预约/预借
| 序号 | 登录号 | 条形码 | 馆藏地/架位号 | 状态 | 备注 |
| 1 | 278792 | 202787920 | 社科库309/309社科库 51排4列4层/ [索取号:K825.6/J822] | 在馆 | |
| 2 | 278793 | 202787939 | 社科库309/309社科库 51排4列4层/ [索取号:K825.6/J822] | 在馆 | |
| 3 | 278794 | 202787948 | 社科库309/309社科库 51排4列4层/ [索取号:K825.6/J822] | 在馆 |